|
|
|
|
| LEADER |
00000cam a22000004a 4500 |
| 001 |
musev2_69006 |
| 003 |
MdBmJHUP |
| 005 |
20230905051131.0 |
| 006 |
m o d |
| 007 |
cr||||||||nn|n |
| 008 |
150203t20152005ncu o 00 0 eng d |
| 010 |
|
|
|z 2015004774
|
| 020 |
|
|
|a 9780822374817
|
| 020 |
|
|
|z 9780822360384
|
| 035 |
|
|
|a (OCoLC)1139373718
|
| 040 |
|
|
|a MdBmJHUP
|c MdBmJHUP
|
| 100 |
1 |
|
|a Smith, Andrea,
|d 1966-
|e author.
|
| 245 |
1 |
0 |
|a Conquest :
|b Sexual Violence and American Indian Genocide /
|c Andrea Smith ; foreword by Winona LaDuke.
|
| 264 |
|
1 |
|a [Durham, NC] :
|b Duke University Press,
|c 2015.
|
| 264 |
|
3 |
|a Baltimore, Md. :
|b Project MUSE,
|c 2020
|
| 264 |
|
4 |
|c ©2015.
|
| 300 |
|
|
|a 1 online resource (262 pages).
|
| 336 |
|
|
|a text
|b txt
|2 rdacontent
|
| 337 |
|
|
|a computer
|b c
|2 rdamedia
|
| 338 |
|
|
|a online resource
|b cr
|2 rdacarrier
|
| 500 |
|
|
|a Foreword statement of responsibility from cover.
|
| 505 |
0 |
|
|a Sexual violence as a tool of genocide -- Boarding school abuses and the case for reparations -- Rape of the land -- "Better dead than pregnant" : the colonization of Native womens' reproductive health -- "Natural laboratories" : medical experimentation in Native communities -- Spiritual appropriation as sexual violence -- Anticolonial responses to gender violence -- U.S. empire and the war against Native sovereignty -- Endnotes -- Resource guide -- Index.
|
| 520 |
|
|
|a "In this revolutionary text, prominent Native American studies scholar and activist Andrea Smith reveals the connections between different forms of violence -- perpetrated by the state and by society at large -- and documents their impact on Native women. Beginning with the impact of the abuses inflicted on Native American children at state-sanctioned boarding schools from the 1880s to the 1980s, Smith adroitly expands our conception of violence to include the widespread appropriation of Indian cultural practices by whites and other non-Natives; environmental racism; and population control. Smith deftly connects these and other examples of historical and contemporary colonialism to the high rates of violence against Native American women -- the most likely to suffer from poverty-related illness and to survive rape and partner abuse. Smith also outlines radical and innovative strategies for eliminating gendered violence"--Back cover.
|
| 586 |
|
|
|a Gustavus Myers Outstand Book Award, 2005
|
| 588 |
|
|
|a Description based on print version record.
|
| 650 |
|
7 |
|a Sexueller Missbrauch
|2 gnd
|
| 650 |
|
7 |
|a Indianerin
|2 gnd
|
| 650 |
|
7 |
|a Gewalt
|2 gnd
|
| 650 |
|
7 |
|a Violence.
|2 fast
|0 (OCoLC)fst01167224
|
| 650 |
|
7 |
|a Race relations.
|2 fast
|0 (OCoLC)fst01086509
|
| 650 |
|
7 |
|a Politics and government.
|2 fast
|0 (OCoLC)fst01919741
|
| 650 |
|
7 |
|a Indians, Treatment of.
|2 fast
|0 (OCoLC)fst00970120
|
| 650 |
|
7 |
|a Indian women
|x Social conditions.
|2 fast
|0 (OCoLC)fst00969268
|
| 650 |
|
7 |
|a Indian women
|x Crimes against.
|2 fast
|0 (OCoLC)fst00969251
|
| 650 |
|
6 |
|a Violence
|z Amerique du Nord.
|
| 650 |
|
6 |
|a Attitudes envers les Indiens d'Amerique
|z Amerique du Nord
|x Histoire.
|
| 650 |
|
6 |
|a Indiennes d'Amerique
|z Amerique du Nord
|x Colonisation.
|
| 650 |
|
6 |
|a Indiennes d'Amerique
|x Crimes contre
|z Amerique du Nord.
|
| 650 |
|
0 |
|a Violence
|z North America.
|
| 650 |
|
0 |
|a Indians, Treatment of
|z North America
|x History.
|
| 650 |
|
0 |
|a Indian women
|z North America
|x Social conditions.
|
| 650 |
|
0 |
|a Indian women
|x Colonization
|z North America.
|
| 650 |
|
0 |
|a Indian women
|x Crimes against
|z North America.
|
| 651 |
|
7 |
|a USA
|2 gnd
|
| 651 |
|
7 |
|a North America.
|2 fast
|0 (OCoLC)fst01242475
|
| 651 |
|
6 |
|a Amerique du Nord
|x Relations raciales.
|
| 651 |
|
0 |
|a North America
|x Politics and government.
|
| 651 |
|
0 |
|a North America
|x Race relations.
|
| 655 |
|
7 |
|a History.
|2 fast
|0 (OCoLC)fst01411628
|
| 655 |
|
7 |
|a Electronic books.
|2 local
|
| 700 |
1 |
|
|a LaDuke, Winona.
|
| 710 |
2 |
|
|a Project Muse.
|e distributor
|
| 830 |
|
0 |
|a Book collections on Project MUSE.
|
| 856 |
4 |
0 |
|z Texto completo
|u https://projectmuse.uam.elogim.com/book/69006/
|
| 945 |
|
|
|a Project MUSE - Custom Collection
|